|
|
|
|
| LEADER |
00000nam a2200000 a 4500 |
| 001 |
vtls001227039 |
| 003 |
SK-MaSNL |
| 005 |
20260301154706.0 |
| 008 |
240509s1996 xo ap r yy slo |
| 015 |
|
|
|a SNBA1996/0702009
|
| 020 |
|
|
|a 8071372692
|c 47,00 Sk (300 výt.)
|
| 035 |
|
|
|a SNK000174045
|
| 035 |
|
|
|a urn:nbn:sk:snk-amlk8e
|
| 035 |
|
|
|a urn:nbn:sk:snk-am00bqet
|
| 035 |
|
|
|a 1B10D7CF-A0A2-4F3D-B296-5C86E0333576
|
| 040 |
|
|
|a SNK
|b slo
|c SNK
|e AACR2
|
| 041 |
0 |
|
|a slo
|
| 044 |
|
|
|a xo
|c SK
|
| 080 |
|
|
|a 664.6/.7(075.8)
|2 1981
|
| 100 |
1 |
|
|a Muchová, Zdenka,
|d 1944-
|4 aut
|9 210852
|
| 245 |
1 |
0 |
|a Technológie spracovania cereálií
|c Z. Muchová, H. Frančáková, T. Bojňanská
|
| 260 |
|
|
|a Nitra
|b Vysoká škola poľnohospodárska
|c 1996
|
| 300 |
|
|
|a 131 s.
|b Sch.
|c 30 cm
|
| 504 |
|
|
|a Bibliogr.
|
| 650 |
0 |
7 |
|a obilniny
|x spracovanie
|x technológia
|2 SNK
|9 517933
|
| 655 |
|
7 |
|a Textbooks (higher)
|2 SNKPHeng
|9 276436
|
| 655 |
|
7 |
|a učebnice vysokých škôl
|2 SNKPH
|9 70191
|
| 700 |
1 |
|
|a Frančáková, Helena,
|d 1950-
|4 aut
|9 212376
|
| 700 |
1 |
|
|a Bojňanská, Tatiana,
|d 1962-
|4 aut
|9 189661
|
| 919 |
|
|
|a 80-7137-269-2
|
| 958 |
0 |
7 |
|a RM
|
| 958 |
0 |
7 |
|a UV
|
| 958 |
0 |
7 |
|a NB
|
| 999 |
|
|
|c 797749
|d 799679
|
| 952 |
|
|
|t P60, <09>, [BOOK], {629}
|a SNK
|b SNK
|y NEVYP
|7 0
|o snkB 500
|i snk1708/960509
|0 0
|1 0
|4 0
|d 1996-05-08
|l 0
|r 2005-01-01 00:00:00
|w 2026-02-24
|
| 952 |
|
|
|t P60, <03>, [BOOK], {603}
|a SNK
|b SNK
|y PREZ
|7 0
|p 17A0003754
|o snkSB 55284
|i snkKSP 4088/96
|0 0
|1 0
|4 0
|d 1996-05-08
|f 1
|l 0
|r 2016-12-31 00:00:00
|w 2026-02-24
|
| 952 |
|
|
|t P60, <04>, [BOOK], {604}
|a SNK
|b SNK
|y VYP
|7 0
|p 17A0003755
|o snkSB 55284 D1
|i snkKSP 4089/96
|0 0
|1 0
|4 0
|d 1996-05-08
|l 0
|r 2005-01-01 00:00:00
|w 2026-02-24
|